[Event "8th ch-Euro"]
[Site "Dresden GER"]
[Date "2007.04.05"]
[Round "3"]
[White "Stern,R"]
[Black "Lorscheid,G"]
[Result "1-0"]
[WhiteElo "2476"]
[BlackElo "2285"]

1.d4 Nf6 2.c4 g6 3.Nc3 Bg7 4.e4 d6 5.Nf3 O-O 6.Be2 e5 7.O-O exd4 8.Nxd4 Re8
9.f3 c6 10.Kh1 Nh5 11.g4 Nf6 12.Bf4 h5 13.g5 Nh7 14.Qd2 Na6 15.Rad1 Qe7 16.Rg1 Nf8
17.Bf1 Nd7 18.Bg3 Ndc5 19.Bg2 Be6 20.b3 Rad8 21.Rge1 Bc8 22.Nde2 Be5 23.f4 Bg7
24.h3 f6 25.gxf6 Qxf6 26.Qc2 Qf7 27.a3 Be6 28.Rf1 Rf8 29.Nd4 Bc8 30.Rd2 Nc7
31.Qd1 N7e6 32.Nde2 Qe7 33.b4 Na6 34.f5 Bxc3 35.Nxc3 Qg7 36.fxe6 Qxc3 37.e7 Rxf1+
38.Qxf1 Re8 39.Bxd6  1-0

[Event "9th Open"]
[Site "Foxwoods USA"]
[Date "2007.04.05"]
[Round "3"]
[White "Dougherty,M"]
[Black "Ruggiero,P"]
[Result "1/2-1/2"]
[WhiteElo "2197"]
[BlackElo "2034"]

1.d4 Nf6 2.Nf3 g6 3.c4 Bg7 4.Nc3 O-O 5.e4 d6 6.Be2 e5 7.d5 Na6 8.Bg5 h6 9.Bh4 Qe8
10.Nd2 Nd7 11.Rb1 Bf6 12.Bxf6 Nxf6 13.h4 Qd7 14.b4 Nh7 15.g4 f5 16.gxf5 gxf5
17.exf5 Qxf5 18.Nde4 Nf6 19.Bd3 Nh5 20.Rg1+ Kh8 21.Rg5 hxg5 22.Qxh5+ Kg7
23.Qxg5+ Qxg5 24.hxg5 Bg4 25.c5 Rf4 26.c6 Rh8 27.cxb7 Nb8 28.Kd2 Bf5 29.Re1 Nd7
30.Nb5 Rb8 31.Nxc7 Rxb7 32.Nxd6 Rxc7 33.Bxf5 Kf8 34.Be4 Rxf2+ 35.Ke3 Rf4
36.Rh1 Rc3+ 37.Kd2 Ra3 38.Rh8+ Ke7 39.Nf5+ Kf7 40.Nd6+ Ke7 41.Nc8+ Kf7 42.Rh7+ Kf8
43.Nd6 Rxa2+ 44.Kc3 Nb6 45.g6 Ra3+ 46.Kb2 Rg3 47.Rh8+ Kg7 48.Rh7+ Kg8 49.Bc2 Rg2
50.Rxa7 Nxd5 51.Ra8+ Kg7 52.Ra7+ Kf8 53.Ra8+ Ke7 54.g7 Nf6 55.Nc8+ Kd7 56.Nb6+ Ke6
57.g8=Q+ Nxg8 58.Rxg8 Rxb4+ 59.Kc3 Rxg8 60.Kxb4 Rb8  1/2-1/2

[Event "19th Kreuz Open"]
[Site "Lenk SUI"]
[Date "2007.04.05"]
[Round "1"]
[White "Gofshtein,Z"]
[Black "Grillon,A"]
[Result "1-0"]
[WhiteElo "2545"]
[BlackElo "1970"]

1.d4 Nf6 2.Nf3 g6 3.c4 Bg7 4.Nc3 O-O 5.e4 d6 6.Be2 e5 7.Be3 Nc6 8.d5 Ne7
9.Nd2 Nd7 10.Rc1 f5 11.f3 Nc5 12.b4 Na6 13.a3 f4 14.Bf2 g5 15.c5 h5 16.Nb5 b6
17.cxd6 cxd6 18.Qa4 Qd7 19.O-O Bb7 20.Qb3 Rf7 21.Rc3 Kh8 22.Rfc1 Ng8 23.a4 Bf6
24.a5 Bd8 25.Qa3 g4 26.Kh1 Rh7 27.Rc6 Rh6 28.R6c2 Nf6 29.Qb2 g3 30.hxg3 h4
31.g4 Nh7 32.axb6 axb6 33.Nc4 Ng5 34.Nbxd6 Rxd6 35.Qxe5+ Rf6 36.Qxg5 Qh7
37.Bd4 h3 38.Bxf6+ Bxf6 39.Qxf6+ Kg8 40.Nd6  1-0

[Event "30th Open"]
[Site "San Sebastian ESP"]
[Date "2007.04.05"]
[Round "6"]
[White "San Segundo Carrillo,P"]
[Black "Tratar,M"]
[Result "1-0"]
[WhiteElo "2539"]
[BlackElo "2476"]

1.d4 d6 2.Nf3 Nf6 3.c4 g6 4.Nc3 Bg7 5.e4 O-O 6.Be2 e5 7.O-O Na6 8.Re1 c6
9.Be3 Ng4 10.Bg5 Bf6 11.Bxf6 Qxf6 12.Qd2 exd4 13.Qxd4 Qxd4 14.Nxd4 Nh6 15.Rad1 f6
16.Nb3 Nf7 17.Na5 Re8 18.a3 Nb8 19.b4 b6 20.Nb3 Nd7 21.f4 Kg7 22.Bg4 Nf8
23.Bxc8 Raxc8 24.Kf2 Ne6 25.g3 Re7 26.Re2 Rb7 27.Red2 Re7 28.Kf3 Rb7 29.a4 Rbb8
30.Rb2 Rc7 31.Ne2 Re7 32.Nc3 Rc7 33.Rbb1 Rcb7 34.Rd3 Rc7 35.Ne2 Re7 36.Rc1 Rc8
37.a5 Rb8 38.Nbd4 Nxd4+ 39.Nxd4 Rc8 40.axb6 axb6 41.b5 cxb5 42.Nxb5 Ra8 43.Rcc3 Ra2
44.h4 h5 45.Nd4 Rea7 46.Rc2 Rxc2 47.Nxc2 Ra2 48.Ne3 Rb2 49.Rd5 Ra2 50.Rb5 Ra3
51.Rxb6 Nh6 52.Kf2 Ra2+ 53.Ke1 Ra3 54.Kf2 Ra2+ 55.Ke1 Ra3 56.Ke2 Ng4 57.Nxg4 hxg4
58.Rxd6 Rxg3 59.c5 Rc3 60.c6 g3 61.e5 fxe5 62.fxe5 Rc5 63.Rd7+ Kh6 64.c7 Rc2+
65.Kf1 Kh5 66.e6 Kg4 67.e7 Rc1+ 68.Ke2  1-0

[Event "LIII Mexican Open"]
[Site "Aguascalientes MEX"]
[Date "2007.04.06"]
[Round "6"]
[White "Gonzalez Garcia,J"]
[Black "Morales Garcia,S"]
[Result "1-0"]
[WhiteElo "2518"]
[BlackElo "2243"]

1.Nf3 Nf6 2.c4 g6 3.Nc3 Bg7 4.e4 d6 5.d4 O-O 6.Be2 e5 7.O-O Nh5 8.dxe5 dxe5
9.Bg5 f6 10.Be3 Nf4 11.Bxf4 exf4 12.Qc2 Nd7 13.Rad1 c6 14.c5 Qe7 15.b4 Ne5
16.Nxe5 Qxe5 17.Nb1 f5 18.Bf3 fxe4 19.Bxe4 Bf5 20.Rfe1 Rad8 21.f3 Rxd1 22.Qxd1 Qd4+
23.Qxd4 Bxd4+ 24.Kf1 Be6 25.Rd1 Bc4+ 26.Ke1 Rd8 27.Rd2 Kf7 28.Rc2 Be6 29.b5 Bd5
30.bxc6 bxc6 31.Nd2 Ke6 32.Ke2 Rb8 33.Kd3 Rb4 34.Bxd5+ Kxd5 35.Nb3 Be3 36.g4 Rb5
37.Rc4 Bxc5 38.Nxc5 Rxc5 39.Rxf4 Ke6 40.Re4+ Kd6 41.f4 Rc1 42.Rd4+ Ke6 43.Rc4 Rd1+
44.Ke2 Rh1 45.Rxc6+ Kd5 46.Ra6 Rxh2+ 47.Kf3 Rh3+ 48.Kg2 Rc3 49.Rxa7 h5 50.f5 h4
51.fxg6 Rg3+ 52.Kh2 Rxg4 53.g7 Ke6 54.Kh3 Rg1 55.Kxh4 Kf5 56.a4  1-0

[Event "8th ch-Euro"]
[Site "Dresden GER"]
[Date "2007.04.06"]
[Round "4"]
[White "Werle,J"]
[Black "Kozul,Z"]
[Result "1/2-1/2"]
[WhiteElo "2566"]
[BlackElo "2616"]

1.d4 Nf6 2.c4 g6 3.Nc3 Bg7 4.e4 d6 5.Nf3 O-O 6.Be2 e5 7.O-O c6 8.Re1 Na6
9.Bf1 Bg4 10.d5 c5 11.Be2 Kh8 12.a3 Bxf3 13.Bxf3 Ng8 14.g3 Bh6 15.Bg2 Bxc1
16.Rxc1 Nc7 17.Rc2 a5 18.f4 Qe7 19.Rf2 f6 20.Qb3 Rfb8 21.Re3 a4 22.Qd1 b5
23.Bf1 bxc4 24.Bxc4 Nh6 25.Re1 Nf7 26.Nxa4 exf4 27.gxf4 g5 28.Nxc5 gxf4 29.Nd3 Ne5
30.Ba2 Nxd3 31.Qxd3 Qe5 32.Ree2 Rg8+ 33.Kf1 Rg5 34.Rg2 Rag8 35.Rxg5 Qxg5
36.Rf2 f3 37.Qxf3 Qc1+ 38.Ke2 Qxb2+ 39.Kd3 Qxa3+ 40.Kc4 Qa4+ 41.Kd3 Qa3+
42.Kc4 Qa6+ 43.Kc3 Ne8 44.Bc4 Qa3+ 45.Kd4 Qa1+ 46.Ke3 Qc1+ 47.Kd4 Rg7 48.Qc3 Qg1
49.Qe3 Qa1+ 50.Kd3 Rg1 51.Bb3 Qa3 52.Kc2 Rg7 53.Kd2 Rc7 54.Bd1 Qb4+ 55.Ke2 Rc4
56.Qh6 Rxe4+ 57.Kf3 Rg4 58.Re2 Rg8 59.Bc2 Qg4+ 60.Kf2 Qg1+ 61.Kf3 Qh1+ 62.Ke3 Qc1+
63.Rd2 Qg1+ 64.Rf2 Rg7 65.Be4 Rf7 66.Qh5 Re7 67.Qf5 Qg7 68.Kd3 Re5 69.Qc8 Qe7
70.Qg4 f5 71.Rxf5 Nf6 72.Rxe5 Qxe5 73.Qe6 Qxe6 74.dxe6 Kg7 75.Bf5 Kf8 76.Kd4 Ke7
77.Bh3 Ne8 78.Bf5 h6 79.Bg4 Nc7 80.Ke4 Kf6 81.e7 Kxe7 82.Kf5 Ne6 83.Kg6 d5
84.Kxh6 Kf6 85.Bf3 d4 86.Be4 Nf4 87.h4 d3 88.Bxd3 Nxd3 89.Kh7 Ke5  1/2-1/2

[Event "8th ch-Euro"]
[Site "Dresden GER"]
[Date "2007.04.06"]
[Round "4"]
[White "Jankovic,A"]
[Black "Ziska,H"]
[Result "1/2-1/2"]
[WhiteElo "2541"]
[BlackElo "2388"]

1.d4 Nf6 2.c4 g6 3.Nc3 Bg7 4.e4 d6 5.Nf3 O-O 6.Be2 e5 7.O-O Na6 8.Be3 Ng4
9.Bg5 Qe8 10.Re1 h6 11.Bh4 Nf6 12.c5 exd4 13.Bxf6 dxc3 14.Bxg7 Kxg7 15.Bxa6 cxb2
16.Rb1 bxa6 17.cxd6 cxd6 18.Qxd6 Qd8 19.Qc6 Rb8 20.Qc3+ Kh7 21.Rxb2 Rxb2
22.Qxb2 Re8 23.Qc3 Bb7 24.Nd2 Qd7 25.Qe3 Bd5 26.Qd4 Be6 27.Qxd7 Bxd7 28.Rc1 Be6
29.Kf1 Bxa2 30.Ra1 Be6 31.Rxa6 Re7 32.Ke2 Rc7 33.Ke3 Kg7 34.f4 Rc3+ 35.Ke2 Bg4+
36.Kf2 Rd3 37.Nc4 Be6 38.Ne5 Rd2+ 39.Kf3 Ra2 40.Rxa2 Bxa2 41.Nc6 a6 42.Ke3  1/2-1/2

[Event "9th Open"]
[Site "Foxwoods USA"]
[Date "2007.04.06"]
[Round "5"]
[White "Schacht,H"]
[Black "Perelshteyn,E"]
[Result "0-1"]
[WhiteElo "2228"]
[BlackElo "2531"]

1.d4 Nf6 2.c4 g6 3.Nc3 Bg7 4.e4 d6 5.Nf3 O-O 6.Be2 Na6 7.O-O e5 8.Be3 Ng4
9.Bg5 Qe8 10.dxe5 dxe5 11.Nd2 f6 12.Bh4 Nh6 13.f3 c6 14.Bf2 Qe7 15.a3 Nc5
16.b4 Ne6 17.c5 Rd8 18.Bc4 Kh8 19.Bxe6 Bxe6 20.Qe2 Qf7 21.Rfd1 f5 22.Nf1 Re8
23.Ne3 f4 24.Nf1 g5 25.h3 Ng8 26.b5 Bc4 27.Qb2 Bf8 28.Rd2 h5 29.Nh2 Nf6 30.Rb1 Nd7
31.Qb4 Be6 32.bxc6 bxc6 33.Qa5 Nf6 34.Qa6 Rac8 35.Rb7 Rc7 36.Rdb2 Bc8 37.Rxc7 Qxc7
38.Qc4 Be6 39.Qa6 Re7 40.Na2 Rd7 41.Nb4 Rd1+ 42.Nf1 g4 43.hxg4 hxg4 44.fxg4 Nxg4
45.Nd3 Qh7  0-1

[Event "45th Doeberl Cup"]
[Site "Canberra AUS"]
[Date "2007.04.07"]
[Round "3"]
[White "Antic,De"]
[Black "Bennett,H"]
[Result "1-0"]
[WhiteElo "2443"]
[BlackElo "2134"]

1.d4 Nf6 2.c4 g6 3.Nc3 Bg7 4.e4 d6 5.Nf3 O-O 6.Be2 e5 7.O-O Na6 8.Re1 exd4
9.Nxd4 Nc5 10.Bf1 a5 11.Ndb5 h6 12.f3 Qe7 13.Be3 Be6 14.Qd2 Kh7 15.Rad1 Rfd8
16.Qf2 b6 17.Kh1 Bc8 18.g4 Ne6 19.Nd5 Qd7 20.Ndxc7 Nxc7 21.Rxd6 Qxb5 22.cxb5 Rxd6
23.e5 Nxg4 24.fxg4 Bb7+ 25.Bg2 Bxg2+ 26.Qxg2 Bxe5 27.Qb7 Rd7 28.Bxb6 Re8
29.Bxc7 Rxc7 30.Qxc7 Bxc7  1-0

[Event "8th ch-Euro"]
[Site "Dresden GER"]
[Date "2007.04.07"]
[Round "5"]
[White "Prusikin,M"]
[Black "Socko,B"]
[Result "1/2-1/2"]
[WhiteElo "2571"]
[BlackElo "2629"]

1.d4 Nf6 2.c4 g6 3.Nc3 Bg7 4.e4 d6 5.Nf3 O-O 6.Be2 e5 7.Be3 Ng4 8.Bg5 f6
9.Bh4 g5 10.Bg3 Nh6 11.d5 Nd7 12.Nd2 f5 13.exf5 Nf6 14.Nde4 Nxe4 15.Nxe4 Bxf5
16.Bd3 Kh8 17.O-O g4 18.Qe2 Qe7 19.f3 gxf3 20.Rxf3 Bg4 21.Rxf8+ Rxf8 22.Qc2 Nf5
23.Bf2 Nd4 24.Qd2 a6 25.Re1 Qd7 26.Qg5 Qf5 27.h3 Qxg5 28.Nxg5 Bf5 29.Bxf5 Rxf5
30.Bxd4 Rxg5 31.Be3  1/2-1/2

[Event "9th Open"]
[Site "Foxwoods USA"]
[Date "2007.04.07"]
[Round "7"]
[White "Perelshteyn,E"]
[Black "Yanayt,E"]
[Result "1-0"]
[WhiteElo "2531"]
[BlackElo "2332"]

1.d4 Nf6 2.c4 g6 3.Nc3 Bg7 4.e4 d6 5.Nf3 O-O 6.Be2 e5 7.Be3 Ng4 8.Bg5 f6
9.Bh4 Qe8 10.O-O Nh6 11.dxe5 dxe5 12.c5 Be6 13.Nd2 Nc6 14.Bc4 Nd4 15.Bxe6+ Qxe6
16.Qa4 Kh8 17.Nb3 Nxb3 18.Qxb3 Qxb3 19.axb3 a6 20.Rfd1 Rad8 21.Rxd8 Rxd8
22.c6 bxc6 23.Rxa6 Rb8 24.Rxc6 g5 25.Bg3 Rxb3 26.Nd1 Rb7 27.f3 Ng8 28.h4 h6
29.Ne3 Bf8 30.h5 Kg7 31.Be1 Ne7 32.Rc2 Kf7 33.Ba5 c6 34.Bd8 c5 35.Bxe7 Bxe7
36.Kf2 Bf8 37.Ke2 Ra7 38.Nf5 Ra1 39.Rd2 Ke8 40.g4 Ra4 41.Kd3 Ra1 42.Ne3 Ra4
43.Kc2 Ra1 44.Rd1 Ra7 45.Rd3 Rb7 46.Rb3 Ra7 47.Ra3 Rb7 48.Ra6 Kf7 49.Nd5  1-0

[Event "9th Open"]
[Site "Foxwoods USA"]
[Date "2007.04.07"]
[Round "7"]
[White "Dougherty,M"]
[Black "Kis,L"]
[Result "1-0"]
[WhiteElo "2197"]
[BlackElo "2201"]

1.d4 Nf6 2.Nf3 g6 3.c4 Bg7 4.Nc3 O-O 5.e4 d6 6.Be2 e5 7.d5 a5 8.Bg5 h6 9.Bh4 Qe8
10.Nd2 Na6 11.O-O Nh7 12.f3 h5 13.a3 Bd7 14.b3 Bh6 15.Rb1 f5 16.exf5 gxf5
17.b4 axb4 18.axb4 Kh8 19.f4 exf4 20.Kh1 Nf6 21.Bxf6+ Rxf6 22.Bxh5 Qg8 23.Nf3 Qh7
24.Nd4 Bg5 25.Rf3 Rh6 26.Rh3 Kg7 27.Ne6+ Bxe6 28.dxe6 Rh8 29.Bf3 Rxh3 30.gxh3 Qxh3
31.Qe2 c6 32.c5 Nc7 33.e7 Ne8 34.b5 Bf6 35.Rg1+ Kf7 36.Nd5 Bd4 37.Nxf4 Qh6
38.Bh5+  1-0

[Event "19th Kreuz Open"]
[Site "Lenk SUI"]
[Date "2007.04.07"]
[Round "4"]
[White "Pavlovic,Milos"]
[Black "Gerber,R"]
[Result "0-1"]
[WhiteElo "2534"]
[BlackElo "2368"]

1.d4 d6 2.Nf3 Nf6 3.c4 g6 4.Nc3 Bg7 5.e4 O-O 6.Be2 e5 7.O-O exd4 8.Nxd4 Re8
9.f3 Nc6 10.Be3 Nh5 11.Qd2 Nf4 12.Rfd1 Bxd4 13.Bxd4 Nxd4 14.Qxd4 Nxe2+ 15.Nxe2 Be6
16.Rac1 Qg5 17.Nc3 c6 18.b3 Red8 19.Rc2 a6 20.Qb6 Rd7 21.Rcd2 Rad8 22.Qf2 b5
23.cxb5 axb5 24.Ne2 Qe7 25.Nd4 Rc8 26.Rc2 Rdc7 27.Qg3 Bd7 28.Ne2 d5 29.exd5 Bf5
30.Rcd2 cxd5 31.h4 Bc2 32.Nf4 Bxd1 33.Nxd5 Qc5+ 34.Kh2 Bc2 35.Qe5 f6 36.Nxf6+ Kf7
37.Nd5 Bf5 38.g4 Rc6 39.gxf5 Qd6 40.f4 Qxe5 41.fxe5 Rc2 42.e6+ Kf8 43.Rxc2 Rxc2+
44.Kg3 gxf5 45.Kf4 Rc5 46.Ne3 Ke7 47.b4 Rc1 48.Kxf5 Re1 49.Nd5+ Kd6 50.Nf4 Re5+
51.Kf6 Re4 52.Kf5 Rxb4 53.e7 Kd7 54.Nd5 Rxh4 55.Kf6 Re4 56.Kf7 Kd6 57.Nf6 Rxe7+  0-1

[Event "30th Open"]
[Site "San Sebastian ESP"]
[Date "2007.04.07"]
[Round "8"]
[White "Torres,P"]
[Black "Garro Beraza,H"]
[Result "1/2-1/2"]
[WhiteElo "2048"]
[BlackElo "1918"]

1.d4 Nf6 2.c4 g6 3.Nc3 Bg7 4.e4 d6 5.Nf3 O-O 6.Be2 e5 7.Be3 Ng4 8.Bg5 f6
9.Bh4 Nc6 10.h3 Nh6 11.dxe5 dxe5 12.Qxd8 Nxd8 13.Nd5 Ne6 14.Ne7+ Kh8 15.Nxc8 Raxc8
16.O-O Nf4 17.Rfe1 Nxe2+ 18.Rxe2 Rcd8 19.Kf1 Nf7 20.c5 Rd7 21.Rd2 Rfd8 22.Rad1 Rxd2
23.Rxd2 g5 24.Bg3 Kg8 25.b4 Kf8 26.Ke2 Ke7 27.Ne1 Rxd2+ 28.Kxd2 Nd8 29.f3 c6
30.Bf2 Bf8 31.Kc3 Ne6 32.Be3 Kd7 33.Kc4 Kc7 34.a4 a6 35.Nd3 Bg7 36.g4 Bf8
37.Nc1 Kc8 38.Ne2 Nc7 39.Ng3 Kd7 40.Ne2 Kc8 41.Nc3 Kd7 42.b5 axb5+ 43.axb5 Nxb5
44.Nxb5 cxb5+ 45.Kxb5 Kc7 46.Bd2 Be7 47.Be1 Bf8 48.h4 gxh4 49.Bxh4 Be7 50.Be1 Bf8
51.Ba5+ Kd7 52.Kb6 Be7 53.Bb4 Kc8 54.Bd2 Kd7 55.Be3 Kc8 56.Bh6 Bd8+ 57.Kb5 Be7
58.Bd2 Kc7 59.Ba5+ Kd7 60.Bb6 Bf8 61.Ba5 Be7 62.Be1 Kc7 63.Bd2 Kd7 64.Kb6 Kc8
65.f4 exf4 66.Bxf4 Kd7 67.Be3 Kc8 68.c6 bxc6 69.Kxc6 Kd8 70.Bf4 Ke8 71.Bd6 Bd8
72.Kd5  1/2-1/2

[Event "5th Arab Cities"]
[Site "Beirut LBN"]
[Date "2007.04.08"]
[Round "1"]
[White "Zozek,S"]
[Black "Al Amari,A"]
[Result "1/2-1/2"]
[WhiteElo "2204"]
[BlackElo "1854"]

1.d4 Nf6 2.c4 g6 3.Nc3 Bg7 4.e4 d6 5.Nf3 O-O 6.Be2 e5 7.dxe5 dxe5 8.Qxd8 Rxd8
9.Nd5 Nxd5 10.cxd5 c6 11.Bc4 cxd5 12.Bxd5 h6 13.O-O Nc6 14.Be3 Nb4 15.Bb3 b6
16.a3 Nd3 17.Bd5 Rb8 18.Rfd1 Ba6 19.Rd2 Nf4 20.Bxf4 exf4 21.Rad1 Kf8 22.Nd4 Bxd4
23.Rxd4 Bb7 24.Kf1 Ke7 25.Ke2 Bxd5 26.Rxd5 Rxd5 27.Rxd5 Rc8 28.Rd2 h5 29.h4 f6
30.Kf3 g5 31.Rd5 Rc5 32.Rd3 Rc6 33.b4 Rd6 34.Rc3 Ke6 35.g3 fxg3 36.Kxg3 Ke5
37.hxg5 fxg5 38.f3 g4 39.fxg4 hxg4 40.Kxg4 Kxe4 41.Rc7 a5  1/2-1/2

[Event "45th Doeberl Cup"]
[Site "Canberra AUS"]
[Date "2007.04.08"]
[Round "5"]
[White "Goldenberg,I"]
[Black "Lane,G"]
[Result "1/2-1/2"]
[WhiteElo "2388"]
[BlackElo "2421"]

1.d4 Nf6 2.Nf3 g6 3.c4 Bg7 4.Nc3 O-O 5.e4 d6 6.Be2 e5 7.O-O Nbd7 8.Re1 c6
9.Bf1 a5 10.Qc2 exd4 11.Nxd4 Nc5 12.Bg5 h6 13.Bh4 Re8 14.Rad1 Qe7 15.f3 Be6
16.Nf5 gxf5 17.exf5 Qf8 18.fxe6 fxe6 19.Bf2 Nfd7 20.Be3 Rad8 21.Qf2 d5 22.Be2 b6
23.Kh1 Ne5 24.f4 Nxc4 25.Bxc4 dxc4 26.Bxc5 Qxc5 27.Qxc5 bxc5 28.g3 Rd3 29.f5 Bxc3
30.bxc3 Rxd1 31.Rxd1 exf5 32.Rd6 Re3 33.Rxc6 Rxc3 34.Rxc5 a4 35.Kg2 Rc2+
36.Kf3 Rxh2 37.Rxc4 Rxa2 38.Rc5 Ra1 39.Kg2 a3 40.Rxf5 Kg7 41.Ra5 Kf6 42.Kh2 Ra2+
43.Kh3 Kg6 44.Ra6+ Kg5 45.Ra5+ Kf6 46.Ra6+ Kg7 47.Ra7+  1/2-1/2

[Event "8th ch-Euro"]
[Site "Dresden GER"]
[Date "2007.04.08"]
[Round "6"]
[White "Grosse,Man"]
[Black "Geske,J"]
[Result "0-1"]
[WhiteElo "1923"]
[BlackElo "2139"]

1.d4 Nf6 2.c4 g6 3.Nc3 Bg7 4.e4 d6 5.Nf3 O-O 6.Be2 e5 7.dxe5 dxe5 8.Qxd8 Rxd8
9.Bg5 Nbd7 10.Rd1 Rf8 11.O-O c6 12.h3 Nc5 13.Nd2 Be6 14.Be3 Ncd7 15.Nf3 h6
16.Rd2 Rfe8 17.Rfd1 Bf8 18.Ne1 Kg7 19.f3 Bc5 20.Bxc5 Nxc5 21.b4 Ncd7 22.Nc2 a5
23.b5 Nc5 24.Ne3 Kf8 25.Ng4 Bxg4 26.hxg4 Ke7 27.Kf2 Rab8 28.Ke3 h5 29.gxh5 Nxh5
30.Rd6 Rec8 31.R6d2 Rd8 32.Rxd8 Rxd8 33.Rxd8 Kxd8 34.Bd1 Kc7 35.Bc2 Kd6 36.bxc6 bxc6
37.Ne2 Ne6 38.g3 Kc5 39.f4 Nd4 40.Nxd4 exd4+ 41.Kf3 Kb4 42.g4 Nf6 43.e5 Nd7
44.Ke4 Kc3 45.Bb1 Nc5+ 46.Kf3 Kb2 47.f5 Kxb1 48.e6  0-1

[Event "8th ch-Euro"]
[Site "Dresden GER"]
[Date "2007.04.08"]
[Round "6"]
[White "Danilov,I"]
[Black "Cvitan,O"]
[Result "1/2-1/2"]
[WhiteElo "2405"]
[BlackElo "2536"]

1.d4 Nf6 2.c4 g6 3.Nc3 Bg7 4.Nf3 O-O 5.e4 d6 6.Be2 e5 7.dxe5 dxe5 8.Bg5 Qxd1+
9.Rxd1 Nbd7 10.Nb5 Nxe4 11.Be7 a6 12.Bxf8 Bxf8 13.Nc3 Bb4 14.Rc1 Nxc3 15.bxc3 Ba5
16.O-O f6 17.Rfd1 Nc5 18.Nd2 Be6 19.Nb3 Bb6 20.Nxc5 Bxc5 21.Rb1 b6 22.a4 a5
23.Rb2 Kf7 24.Rbd2 Ke7 25.Kf1 f5 26.g3 e4 27.h4 Rf8 28.Kg2 f4 29.f3 e3 30.Rb2 h6
31.g4 Kf6 32.Kf1 Ke5 33.Kg2 Rb8 34.Rbb1 Rg8 35.Rb2  1/2-1/2

[Event "18th Pobeskydi Chance Cup"]
[Site "Frydek Mistek CZE"]
[Date "2007.04.08"]
[Round "7"]
[White "Klecker,T"]
[Black "Kuchynka,Luk"]
[Result "0-1"]
[WhiteElo "2047"]
[BlackElo "2140"]

1.d4 Nf6 2.c4 g6 3.Nc3 Bg7 4.e4 d6 5.Nf3 O-O 6.Be2 e5 7.dxe5 dxe5 8.Qxd8 Rxd8
9.Nd5 Na6 10.Bg5 Nxd5 11.Bxd8 Nf4 12.Bf1 f5 13.Be7 fxe4 14.Nd2 Bf5 15.f3 exf3
16.gxf3 Re8 17.Ba3 Nb8 18.Ne4 Ne6 19.Kf2 Nd4 20.Rd1 h5 21.h4 Nxf3 22.Ng3 e4
23.Nxf5 gxf5 24.Bc5 Ne5 25.Kg3 Nbc6 26.Be3 Ng4 27.Bc1 Be5+ 28.Kg2 f4 29.Be2 f3+
30.Bxf3 exf3+ 31.Kxf3 Rf8+ 32.Ke2 Rf2+ 33.Ke1 Nd4 34.Rd3 Re2+ 35.Kf1 Nh2+  0-1

[Event "8th ch-Euro"]
[Site "Dresden GER"]
[Date "2007.04.09"]
[Round "7"]
[White "Eljanov,P"]
[Black "Jianu,V"]
[Result "1-0"]
[WhiteElo "2686"]
[BlackElo "2506"]

1.d4 Nf6 2.Nf3 g6 3.c4 Bg7 4.Nc3 O-O 5.e4 d6 6.Be2 e5 7.O-O Na6 8.Re1 c6
9.Be3 Ng4 10.Bg5 Qe8 11.h3 h6 12.Bh4 exd4 13.Nxd4 Nf6 14.Bf1 Nc5 15.b4 Ne6
16.Nf5 gxf5 17.exf5 Qd7 18.fxe6 fxe6 19.Bg3 Ne8 20.Qc2 a5 21.b5 Bd4 22.Rad1 e5
23.c5 Qg7 24.cxd6 Bf5 25.Qb3+ Kh8 26.Ne2 Bc5 27.Qb2 Kh7 28.bxc6 bxc6 29.d7 Nf6
30.Qxe5 Ne4 31.Qxg7+ Kxg7 32.Be5+ Kh7 33.Bd4 Bb4 34.f3 Ng5 35.Ng3 Bxd7 36.Bd3+ Kg8
37.Bc4+ Kh7 38.h4 Nf7 39.Bd3+ Kg8 40.Nh5 Nd6 41.Re7  1-0

[Event "8th ch-Euro"]
[Site "Dresden GER"]
[Date "2007.04.11"]
[Round "8"]
[White "Akesson,R"]
[Black "Buchal,S"]
[Result "1-0"]
[WhiteElo "2478"]
[BlackElo "2330"]

1.d4 g6 2.e4 Bg7 3.c4 d6 4.Nc3 Nf6 5.Be2 O-O 6.Nf3 e5 7.Be3 Na6 8.O-O Ng4
9.Bg5 Qe8 10.dxe5 dxe5 11.h3 f6 12.Bd2 Nh6 13.c5 Nxc5 14.Qc1 Nf7 15.Nd5 Ne6
16.Nxc7 Nxc7 17.Qxc7 Nd8 18.Rfc1 Be6 19.b4 Rf7 20.Qc2 Bf8 21.a4 a6 22.Qb2 Bd6
23.Nh2 Nc6 24.Ng4 Bf8 25.Bc4 Nd4 26.Be3 Bg7 27.Bxe6 Qxe6 28.Ra3 f5 29.Nh2 fxe4
30.Nf1 Rc8 31.Ng3 Rxc1+ 32.Qxc1 Qc6 33.Qxc6 bxc6 34.Rc3 Rb7 35.Rc4 Bf8 36.Bd2 Kf7
37.Nxe4 Ke6 38.Nc5+ Bxc5 39.Rxc5 Kd6 40.Be1 Ra7 41.Kf1 a5 42.Rxa5 Rxa5 43.bxa5 c5
44.f3 Nc6 45.Ke2 Nb8 46.Ke3 Kd5 47.f4 Na6 48.fxe5 Kxe5 49.Bc3+ Kd5 50.Kf4 Ke6
51.Kg5 Kf7 52.Kh6 Kg8 53.Be5 Nb4 54.h4 Nc6 55.Bc3 Nb8 56.h5 gxh5 57.Kxh5 Kf7
58.Kh6 Kg8 59.Kg5 Kf7 60.Kf5 Ke7 61.Ke5 Kd7 62.Kd5 Nc6 63.Kxc5 Kc7 64.a6 Ne7
65.Be5+ Kc8 66.g4  1-0

[Event "8th ch-Euro"]
[Site "Dresden GER"]
[Date "2007.04.11"]
[Round "8"]
[White "Jorczik,J"]
[Black "Fink,L"]
[Result "1-0"]
[WhiteElo "2316"]
[BlackElo "2054"]

1.d4 Nf6 2.Nf3 g6 3.c4 Bg7 4.Nc3 d6 5.e4 O-O 6.Be2 e5 7.O-O Nbd7 8.d5 Nc5
9.Qc2 a5 10.Ne1 Nfd7 11.Be3 f5 12.f3 f4 13.Bf2 h5 14.b3 g5 15.Rb1 Rf6 16.a3 b6
17.b4 Nb7 18.Nd3 Rg6 19.c5 axb4 20.axb4 bxc5 21.bxc5 Nbxc5 22.Nxc5 dxc5 23.Na4 g4
24.fxg4 hxg4 25.g3 Qg5 26.Nxc5 Rh6 27.Ne6 Qg6 28.Nxc7 Ra3 29.Ne6 Qh5 30.Qxc8+ Kh7
31.h4 Rxe6 32.Qxd7 fxg3 33.Qxe6 Qxh4 34.Qf5+  1-0

[Event "8th ch-Euro"]
[Site "Dresden GER"]
[Date "2007.04.11"]
[Round "8"]
[White "Almond,R"]
[Black "Sejkora,V"]
[Result "1-0"]
[WhiteElo "2088"]
[BlackElo "2219"]

1.d4 Nf6 2.c4 g6 3.Nc3 Bg7 4.e4 d6 5.Nf3 O-O 6.Be2 Nbd7 7.O-O e5 8.Qc2 c6
9.Rd1 exd4 10.Nxd4 Re8 11.Bg5 a5 12.f3 Nc5 13.Qd2 a4 14.Nc2 Be6 15.Kh1 Qb6
16.Rab1 Rad8 17.Qf4 Ncd7 18.Rxd6 Ra8 19.Rdd1 Qa5 20.Nd4 h6 21.Bxh6 a3 22.b4 Qh5
23.Bxg7 Kxg7 24.g4 Qh4 25.Qg3 Qxg3 26.hxg3 g5 27.Kg2 Ne5 28.Nxe6+ Rxe6 29.Rd2 b6
30.Rbd1 Rh8 31.Rh1 Ra8 32.Kf2 Rc8 33.Ke1 b5 34.c5 Rb8 35.Rd4 Re7 36.f4 gxf4
37.gxf4 Nc4 38.Bxc4 bxc4 39.Rxc4 Nxe4 40.Nxe4 Rbe8 41.Kd2 Rxe4 42.Rxe4 Rxe4
43.Kc3 Rxf4 44.Rg1 Rf3+ 45.Kc4 Kg6 46.Rd1 Kf6 47.Rd3 Rf4+ 48.Rd4 Rf3 49.b5 cxb5+
50.Kxb5 Rf2 51.c6 Rxa2 52.c7 Rb2+ 53.Rb4 Rc2 54.Rc4 Rb2+ 55.Kc6 a2 56.c8=Q a1=Q
57.Qh8+ Kg6 58.Qg8+ Kf6 59.Rf4+ Ke5 60.Qg5+  1-0

[Event "FSGM April"]
[Site "Budapest HUN"]
[Date "2007.04.12"]
[Round "6"]
[White "Bui Vinh"]
[Black "Ilincic,Z"]
[Result "0-1"]
[WhiteElo "2483"]
[BlackElo "2488"]

1.Nf3 Nf6 2.c4 g6 3.Nc3 Bg7 4.e4 d6 5.d4 O-O 6.Be2 e5 7.O-O Nh5 8.Bg5 f6
9.Be3 Nc6 10.g3 Bh3 11.Re1 Qd7 12.d5 Ne7 13.Nh4 Rf7 14.Qa4 c6 15.c5 dxc5
16.Bxc5 Bf8 17.Rad1 Ng7 18.Bxe7 Qxe7 19.dxc6 bxc6 20.Qxc6 Rc8 21.Qa6 Qc5
22.Nd5 Rc6 23.Qd3 Ne6 24.b4 Qc2 25.Rd2 Qxd3 26.Rxd3 Nd4 27.Bf1 Be6 28.Nf3 Nxf3+
29.Rxf3 f5 30.Bg2 Ra6 31.Re2 Kg7 32.Rb2 Rd7 33.Rd3 Ra4 34.f3 Bxd5 35.Rxd5 Rxd5
36.exd5 Bxb4 37.Kf1 h5 38.Ke2 Bc5 39.Rc2 Bb6 40.Bf1 Ra3 41.Bg2 Kf7 42.d6 Ke6
43.Rd2 Kd7 44.f4 e4 45.Kd1 Ba5 46.Rc2 Re3 47.Re2 Rd3+ 48.Kc2 Kxd6 49.Bf1 Kd5
50.Rf2 Rc3+ 51.Kd1 Kd4 52.Rd2+ Ke3 53.Bb5 Rc5 54.Rb2 Rd5+ 55.Kc1 Bd2+ 56.Kc2 Rc5+  0-1

[Event "8th ch-Euro"]
[Site "Dresden GER"]
[Date "2007.04.12"]
[Round "9"]
[White "Roiz,M"]
[Black "Jianu,V"]
[Result "1-0"]
[WhiteElo "2605"]
[BlackElo "2506"]

1.d4 Nf6 2.Nf3 g6 3.c4 Bg7 4.Nc3 d6 5.e4 O-O 6.Be2 e5 7.O-O Na6 8.Re1 c6
9.Be3 Qe8 10.h3 Nh5 11.Qd2 Qe7 12.Rad1 Re8 13.a3 b6 14.b4 Bb7 15.b5 Nc7 16.bxc6 Bxc6
17.a4 Bb7 18.dxe5 dxe5 19.Nd5 Nxd5 20.cxd5 Nf6 21.Bd3 Bf8 22.Ra1 Nd7 23.Bb5 Red8
24.Qb2 f6 25.Rec1 Nc5 26.Bxc5 bxc5 27.Qe2 Rab8 28.Rc2 Qd6 29.Nd2 a6 30.Bd3 Bc8
31.a5 Rb4 32.Nc4 Qc7 33.Nb6 Kh8 34.Bxa6 Bxa6 35.Qxa6 Rxe4 36.Qb5 Qd6 37.Rb2 c4
38.Nxc4 Qc5 39.Nb6 Qc3 40.a6 Rb4 41.Rxb4 Qxa1+ 42.Rb1 Qa2 43.Rc1 Qa3 44.Rc4 Qa1+
45.Kh2 Qf1 46.a7 e4 47.Qc6 Qxf2 48.Rc2  1-0

[Event "5th Arab Cities"]
[Site "Beirut LBN"]
[Date "2007.04.14"]
[Round "8"]
[White "Alshoha,B"]
[Black "Amin,B"]
[Result "0-1"]
[WhiteElo "2021"]
[BlackElo "2521"]

1.d4 Nf6 2.c4 g6 3.Nc3 Bg7 4.Nf3 d6 5.e4 O-O 6.Be2 e5 7.O-O Nbd7 8.dxe5 dxe5
9.b4 a5 10.b5 Re8 11.Qc2 c6 12.Ba3 Bf8 13.Bxf8 Nxf8 14.Rfd1 Qc7 15.h3 Ne6
16.b6 Qxb6 17.Na4 Qc7 18.c5 Bd7 19.Rd6 Kg7 20.Rad1 Nf4 21.Nb6 Rad8 22.Nc4 Re7
23.Ncxe5 Rde8 24.Bc4 Be6 25.Bxe6 Nxe6 26.Qb2 Kg8 27.Nxc6 bxc6 28.Qxf6 Nxc5
29.Rxc6 Nxe4 30.Rxc7 Nxf6 31.Rxe7 Rxe7 32.Rd8+ Kg7 33.Ra8 Rb7 34.Rxa5 Rb1+
35.Kh2 Rb2 36.Ne5 Rxf2 37.Ra7 Nd5 38.Kg3 Rf1 39.a4 h5 40.a5 Rf5 41.Nc6 Ne3
42.h4 Nf1+ 43.Kh3 Rd5  0-1

[Event "FSGM April"]
[Site "Budapest HUN"]
[Date "2007.04.14"]
[Round "8"]
[White "Fodor,T jr"]
[Black "Vajda,L"]
[Result "0-1"]
[WhiteElo "2426"]
[BlackElo "2559"]

1.d4 g6 2.c4 Bg7 3.Nc3 d6 4.e4 Nf6 5.Nf3 O-O 6.Be2 Na6 7.O-O e5 8.Re1 Bg4
9.Bg5 Qe8 10.h3 Bxf3 11.Bxf3 Nd7 12.d5 f5 13.exf5 gxf5 14.Bh5 Qc8 15.g4 Nf6
16.Bxf6 Bxf6 17.gxf5 Qxf5 18.Qg4+ Qxg4+ 19.Bxg4 Nc5 20.Rad1 Bh4 21.Rf1 Rf4
22.b3 a5 23.Kg2 Raf8 24.f3 Kg7 25.Ne2 R4f6 26.Nc3 b6 27.Rg1 Kg6 28.Kh1 h5
29.Be6+ Kh6 30.Ne4 Rxf3 31.Nxc5 bxc5 32.Rg2 Bf2 33.Kh2 e4 34.Rd2 Bd4 35.Rde2 e3
36.Kh1 Be5 37.Re1 Rf1+ 38.Rg1 R1f2 39.Rg2 Rxg2 40.Kxg2 Rf2+ 41.Kg1 Bh2+  0-1